Normal view MARC view

Entry Nombre personal

Number of records used in: 1

001 - NÚMERO DE CONTROL

  • campo de control: 933

003 - IDENTIFICADOR DE NÚMERO DE CONTROL

  • campo de control: DLC

005 - FECHA Y HORA DE LA ÚLTIMA TRANSACCIÓN

  • campo de control: 20260319152512.0

008 - ELEMENTOS DE DATO DE LONGITUD-FIJA

  • campo de control de longitud fija: 790426n| azannaabn |a aaa

010 ## - NÚMERO DE CONTROL DE LA BIBLIOTECA DEL CONGRESO

  • Número de control de LC: n 79040150

035 ## - NÚMERO DE CONTROL DEL SISTEMA

  • Número de control de sistema: (OCoLC)oca00273632

040 ## - FUENTE DE CATALOGACIÓN

  • Centro catalogador/agencia de origen: DLC
  • Lengua de catalogación: eng
  • Normas de descripción: rda
  • Centro/agencia transcriptor: DLC
  • Centro/agencia modificador: DLC
  • Centro/agencia modificador: NN
  • Centro/agencia modificador: OCoLC
  • Centro/agencia modificador: OCl
  • Centro/agencia modificador: DLC
  • Centro/agencia modificador: MH-H
  • Centro/agencia modificador: DLC
  • Centro/agencia modificador: OCoLC

046 ## - FECHAS CON CODIFICACIÓN ESPECIAL

  • Fecha de nacimiento: 1925-10-03
  • Fecha de la muerte: 2012-07-31
  • Fuente del esquema de fecha: edtf

053 #0 - NÚMERO DE CLASIFICACIÓN LC

  • Número de clasificación–único número o número inicial del rango: PS3543.I26

100 1# - ENCABEZAMIENTO-NOMBRE DE PERSONA

  • Nombre de persona: Vidal, Gore,
  • Fechas asociadas al nombre: 1925-2012

370 ## - LUGAR ASOCIADO

  • Lugar de nacimiento: West Point (N.Y.)
  • Lugar de fallecimiento: Los Angeles (Calif.)
  • Lugar de residencia/sede: Ravello (Italy)
  • Fuente del término: naf

374 ## - OCUPACIÓN

  • Ocupación: Novelists
  • Ocupación: Essayists
  • Ocupación: Dramatists
  • Ocupación: Critics

377 ## - IDIOMA ASOCIADO

  • Código del idioma: eng

400 1# - TRAZADO DE VÉASE--NOMBRE DE PERSONA

  • Nombre de persona: Vidal, Eugene Luther,
  • Fechas asociadas al nombre: 1925-2012

400 1# - TRAZADO DE VÉASE--NOMBRE DE PERSONA

  • Nombre de persona: Vidal, Gor,
  • Fechas asociadas al nombre: 1925-2012

500 1# - TRAZADO DE VÉASE ADEMÁS--NOMBRE DE PERSONA

  • Subcampo de control: nnnc
  • Nombre de persona: Box, Edgar,
  • Fechas asociadas al nombre: 1925-2012

500 1# - TRAZADO DE VÉASE ADEMÁS--NOMBRE DE PERSONA

  • Subcampo de control: nnnc
  • Nombre de persona: Everard, Katherine

500 1# - TRAZADO DE VÉASE ADEMÁS--NOMBRE DE PERSONA

  • Subcampo de control: nnnc
  • Nombre de persona: Kay, Cameron

663 ## - REFERENCIA COMPLEJA DE VÉASE ADEMÁS--NOMBRE

  • Texto explicativo: For works of this author written under other names, search also under:
  • Encabezamiento referido a: Box, Edgar, 1925-2012;
  • Encabezamiento referido a: Everard, Katherine;
  • Encabezamiento referido a: Kay, Cameron

670 ## - FUENTE DE DATOS ENCONTRADOS

  • Cita de la fuente: His Williwaw, 1946.

670 ## - FUENTE DE DATOS ENCONTRADOS

  • Cita de la fuente: Box, E. Death before bedtime, 1991:
  • Información encontrada: CIP t.p. (Edgar Box) data sheet (written under Gore Vidal's pseud., Edgar Box)

670 ## - FUENTE DE DATOS ENCONTRADOS

  • Cita de la fuente: Internet: sbu.ac.uk/stafflag/gorevidal.html, 2/16/01
  • Información encontrada: (He also wrote the novel "A star's progress" under the name Katherine Everard)

670 ## - FUENTE DE DATOS ENCONTRADOS

  • Cita de la fuente: Imperator I︠U︡lian, 2001:
  • Información encontrada: t.p. (Gor Vidal) added t.p. (Gore Vidal [in rom.])

670 ## - FUENTE DE DATOS ENCONTRADOS

  • Cita de la fuente: New York times WWW site, Aug. 1, 2012
  • Información encontrada: (Gore Vidal; Eugene Luther Gore Vidal, Jr.; b. Oct. 3, 1925, United States Military Academy at West Point; d. Tuesday [July 31, 2012], Hollywood Hills, Los Angeles, aged 86; activist and elegant, acerbic all-around man of letters who presided with a certain relish over what he declared to be the end of American civilization; wrote mysteries under the pseudonyms Edgar Box, Katherine Everard)

670 ## - FUENTE DE DATOS ENCONTRADOS

  • Cita de la fuente: Pseudonyms of Gore Vidal: 1950-1954 via WWW, 2013 Sept. 23
  • Información encontrada: (Vidal adopted the name Cameron Kay - the name of his great uncle, who was once attorney general of Texas - to write Thieves Fall Out (1953))
  • Identificador Uniforme de Recurso: http://www.pitt.edu/~kloman/pseudo.html

670 ## - FUENTE DE DATOS ENCONTRADOS

  • Cita de la fuente: Wikimapia, via WWW, 2013 Oct. 22
  • Información encontrada: (For much his life, Vidal divided his time between Ravello, Italy on the Amalfi Coast and Los Angeles, California. In 2003, he sold his cliffside Ravello villa (La Rondinaia, The Swallow's Nest) for health reasons)
  • Identificador Uniforme de Recurso: http://wikimapia.org/1805311/La-Rondinaia-The-Swallow-s-Nest